|
|
|
|
| LEADER |
01492cam a22003374a 4500 |
| 001 |
12290286 |
| 005 |
20010703132808.0 |
| 008 |
010126s2002 ohua b 001 0 eng |
| 010 |
|
|
|a 2001020077
|
| 020 |
|
|
|a 0324066805
|
| 040 |
|
|
|a DLC
|c DLC
|d DLC
|d BD-DhAAL
|
| 042 |
|
|
|a pcc
|
| 050 |
0 |
0 |
|a TS156
|b .E93 2002
|
| 082 |
0 |
0 |
|a 658.5/62
|2 21
|
| 100 |
1 |
|
|a Evans, James R.
|q (James Robert),
|d 1950-
|9 900
|
| 245 |
1 |
4 |
|a The management and control of quality /
|c James R. Evans, William M. Lindsay.
|
| 250 |
|
|
|a 5th ed.
|
| 260 |
|
|
|a Cincinnati, Ohio :
|b South-Western,
|c c2002.
|
| 300 |
|
|
|a 1 v. (various pagings) :
|b ill. ;
|c 26 cm. +
|e 1 computer optical disc (4 3/4 in.)
|
| 504 |
|
|
|a Includes bibliographical references and index.
|
| 541 |
|
|
|e 00014837
|
| 650 |
|
0 |
|a Quality control.
|9 901
|
| 650 |
|
0 |
|a Total quality management.
|9 902
|
| 650 |
|
0 |
|a Quality assurance.
|9 903
|
| 700 |
1 |
|
|a Lindsay, William M.
|9 904
|
| 906 |
|
|
|a 0
|b vip
|c orignew
|d 1
|e ocip
|f 20
|g y-gencatlg
|
| 942 |
|
|
|2 ddc
|c BK
|
| 955 |
|
|
|a to SSCD pc17 01-26-01; jf02 02-06-01; jf12 to Dewey 02-06-01; aa07 02-06-01
|a ps10 2001-06-28 bk rec'd, to CIP ver.
|a jf00 2001-07-03
|
| 999 |
|
|
|c 10240
|d 10240
|
| 952 |
|
|
|0 0
|1 0
|2 ddc
|4 0
|6 658_562000000000000_EVA
|7 0
|9 13685
|a BRACUL
|b BRACUL
|c GEN
|d 2010-12-29
|l 7
|m 31
|o 658.562 EVA
|p 3010014837
|r 2025-11-05
|s 2025-11-05
|t 1
|w 2010-12-29
|y BK
|
| 952 |
|
|
|0 0
|1 0
|2 ddc
|4 0
|6 658_562000000000000_EVA
|7 0
|9 13686
|a BRACUL
|b BRACUL
|c AV
|d 2010-12-29
|l 1
|o 658.562 EVA
|p 4010014837
|r 2011-04-06
|s 2011-04-04
|t 1
|w 2010-12-29
|y AV
|